Práca a boj prvý máj v rozdielnych spoločenských podmienkach
| Hlavný autor: | |
|---|---|
| Médium: | Článok |
| Jazyk: | slovenčina |
| Predmet: |
MARC
| LEADER | 00000nab a2200000 a 4500 | ||
|---|---|---|---|
| 001 | vtls008955628 | ||
| 003 | SK-MaSNL | ||
| 005 | 20260303070350.0 | ||
| 008 | 060814 19770430xo d 000 0 slo | ||
| 015 | |a SNBRB1977 | ||
| 040 | |a SNKBUCL |b slo |c SNKBUCL |e AACR2 | ||
| 041 | 0 | |a slo | |
| 044 | |a xo |c SK | ||
| 080 | |a 327.321 |2 2001 | ||
| 100 | 1 | |a Nemeček, Miloš |4 aut |9 268184 | |
| 245 | 1 | 0 | |a Práca a boj |b prvý máj v rozdielnych spoločenských podmienkach |c Miloš Nemeček |
| 650 | 0 | 7 | |a Prvý máj |2 snkbucl |9 29765 |
| 773 | 0 | |t Práca |g (30.4.1977), s. 4 | |
| 999 | |c 1755033 |d 1756963 | ||


